000 00995nam a22002537a 4500
001 BD-DhSAU 14358
003 BD-DhSAU
005 20191105153605.0
008 150620b2018 Bg a||||r|||| 000 0 eng d
040 _aBD-DhSAU
082 _222
_a595.7
_bAl117
100 _aAlam, Md. Monsur
245 _aBoi-ecology, damage assessment and management of angoumois grain moth, Sitotroga cerealella olivier /
_bPh.D. Thesis
_c Md. Monsur Alam
260 _aEntomology :
_bSher-e-Bangla Agricultural University
_c2017
300 _axvii, 186 p. :
_bill. ;
_c30 cm.
500 _aPh.D thesis, Depart. of Entomology, Sher-E- Bangla Agricultural University.
590 _aRoy
650 _aGrain moth
650 _aSitotroga cerealella olivier
700 _aAli, Md. Razzab
_eMajor Advisor
700 _aMiah, Md. Ramiz Uddin
_eVice-Advisor
856 _uhttp://archive.saulibrary.edu.bd:8080/xmlui/handle/123456789/2609
_yOnline access
942 _2ddc
_cPHD
999 _c14551
_d14550